Finančné suchoty vedú k zmene vlastníctva

Bibliographic Details
Main Author: Varšaník, Štefan (Author)
Format: Article
Language:Slovak
ISSN:1335-440X
Subjects:

MARC

LEADER 00000nab a2200000 ar4500
001 vtls009453687
003 SK-MaSNL
005 20260303053556.0
008 081209c20081121xo |||||||||||000 b|slo
015 |a SNBRB2008/12  |2 snkbucl 
038 |a SNKBUCL 
040 |a SNKBUCL  |b slo  |c SNKBUCL  |e AACR2 
041 0 |a slo 
044 |a xo  |c SK 
080 |a 631.115.8  |x (437.6)  |2 1997 
080 |a 631.16  |x (437.6)  |2 1997 
100 1 |a Varšaník, Štefan  |4 aut  |9 868561 
245 1 0 |a Finančné suchoty vedú k zmene vlastníctva  |c Štefan Varšaník 
650 0 7 |a poľnohospodárske družstvá  |2 snkbucl  |9 30107 
650 0 7 |a zahraniční investori  |2 snkbucl  |9 72756 
651 7 |a Zemplín (Slovensko : región)  |2 snkbucl  |9 16697 
773 0 |t Sme. Roľnícke noviny  |g Č. 269 (21.11.2008)  |x 1335-440X 
773 0 8 |i Príl.:  |t Roľnícke noviny  |g Č. 47 (21.11.2008), s. 6 
852 |a SNK  |b KIS3GCP 
958 |a SK 
999 |c 1719783  |d 1721713